000
00329nam a2200121Ia 4500
008
151213s9999 xx 000 0 und d
245
_a
Child Nutrition Survey Of Bangladesh - 2000
260
_a
Bangladesh
_b
Bangladesh Bureau Of Statistics
_c
2002
300
_a
1579 p.
650
_a
Reference
650
_a
Reference
999
_c
1204
_d
1204